Quizzes
Events
Quiz Creation
Community
Videos
Private Events
Remove Ads
Sign In
Join for FREE
Feedback
Dark Mode
Quiz Categories
Sports
Geography
Music
Movies
Television
Just For Fun
Miscellaneous
History
Literature
Language
Science
Gaming
Entertainment
Religion
Holiday
For Kids
Quiz Lab
Recent
Popular Today
Quiz Kudos Today
Editor Picks
Curator Picks
Quizzes by...
Day
Popularity
Type
Ratings
Length
Year
Community
Subscriptions
Recent Discussions
Orange Saloon
Badges
Playlists
Quests
Create
Leaderboards
Showdown
Live 5
Trivia Bingo
Activity
Puzzle Library
Sporcle Events
Private Events
Virtual Trivia
Globe League
Become a Host
Pub Owners
SporcleCon
Opinionation
Our Games
Videos
Blog
Mobile Apps
Partnerships
Remove Ads and Go Orange
Feedback
Sports
Athletes
MLB
NBA
NHL
NFL
Soccer
Sports Teams
WWE
NCAA
Football
Premier League
Basketball
Baseball
Hockey
Golf
Tennis
Cricket
Rugby
Auto Racing
Olympics
World Cup
Sports
Athletes
MLB
NBA
NHL
NFL
Soccer
Sports Teams
WWE
NCAA
Football
Premier League
Basketball
Baseball
Hockey
Golf
Tennis
Cricket
Rugby
Auto Racing
Olympics
World Cup
Random Quiz
Search Sporcle
×
Quiz Lab
Quiz Lab
Sports
Player
Type in answers that appear in a list
Type in answers that appear in a list
Classic
Best Score? Go Orange.
Dallas Cowboys Stats
Can you name the Dallas Cowboys Player ?
By
payneka
12m
90 Questions
49 Plays
49 Plays
49 Plays
Comments
Comments
Give Quiz Kudos
Give Quiz Kudos
-
- Ratings
hide this ad
More Info
Replay
Link that replays current quiz
Next Quiz
Link to next quiz in quiz playlist
You Got
0%
They Got
Avg Score
5%
Avg Friend Score
Upgrade to see
Score Distribution
Jump to the score distribution portion of the page
Score
0/90
Timer
12:00
0
Plays Today
% Correct
94 DeMarcus Ware OLB
51%
69 Jimmy Saddler-McQueen NT
49%
57 Victor Butler OLB
49%
52 Alex Daniels OLB
49%
93 Anthony Spencer OLB
49%
59 Brandon Williams OLB
49%
9 Tony Romo
38.8%
88 Dez Bryant
32.7%
82 Jason Witten
16.3%
73 Jose Acuna T
12.2%
67 Phil Costa C
12.2%
63 Kyle Kosier G
12.2%
60 Kevin Kowalski G
12.2%
79 Pepa Letuli T
12.2%
61 Bill Nagy C
12.2%
49 Jason Pociask FB
4.1%
3 Jon Kitna
2%
7 Stephen McGee
2%
23 Tashard Choice
2%
28 Felix Jones
2%
19 Miles Austin
2%
50 Sean Lee ILB
2%
27 Akwasi Owusu-Ansah FS
2%
4 Tom Brandstater
0%
45 Shaun Chapas FB
0%
44 Chris Gronkowski FB
0%
35 Lonyae Miller
0%
34 Phillip Tanner
0%
30 Frank Warren
0%
Wide Receivers
0%
% Correct
17 James Cleveland
0%
11 Dominique Edison
0%
14 Dwayne Harris
0%
16 Jesse Holley
0%
15 Manuel Johnson
0%
13 Lyle Leong
0%
85 Kevin Ogletree
0%
84 Tysson Poots
0%
86 Raymond Radway
0%
87 Titus Ryan
0%
10 Teddy Williams CB
0%
80 Martellus Bennett
0%
89 John Phillips
0%
83 Martin Rucker
0%
62 David Arkin G
0%
68 Doug Free T
0%
64 Montrae Holland G
0%
78 Jermey Parnell T
0%
77 Tyron Smith T
0%
76 Sam Young T
0%
92 Josh Brent NT
0%
98 Kenyon Coleman DE
0%
66 Clifton Geathers DE
0%
97 Jason Hatcher DE
0%
95 Sean Lissemore DE
0%
99 Igor Olshansky DE
0%
90 Jay Ratliff NT
0%
96 Marcus Spears DE
0%
47 Alex Albright OLB
0%
55 Mike Balogun ILB
0%
% Correct
51 Keith Brooking ILB
0%
54 Kenwin Cummings ILB
0%
48 Isaiah Greenhouse ILB
0%
56 Bradie James ILB
0%
58 Orie Lemon ILB
0%
20 Alan Ball CB
0%
31 Mario Butler CB
0%
42 Barry Church SS
0%
24 Abram Elam SS
0%
38 Alex Ibiloye CB
0%
21 Mike Jenkins CB
0%
37 Bryan McCann CB
0%
40 Danny McCray FS
0%
41 Terence Newman CB
0%
33 Chris Randle CB
0%
32 Orlando Scandrick CB
0%
36 Andrew Sendejo SS
0%
43 Gerald Sensabaugh FS
0%
26 Josh Thomas CB
0%
25 Ross Weaver CB
0%
39 Collin Zych SS
0%
46 Corey Adams LS
0%
74 Billy Blackard NT (Waived
0%
53 Bruce Carter ILB (Active
0%
2 Kai Forbath K (Active
0%
65 Andre Gurode C (Active
0%
29 DeMarco Murray 18 David Buehler K
0%
6 Chris Jones P
0%
91 L. P. Ladouceur LS
0%
1 Mat McBriar P
0%
Quiz Playlist
Details
Report
Send in Message
Add To Playlist
More Info:
Awnser with the Number before the player
Classic:
Type in answers that appear in a list
Last Updated: Jul 25, 2017
Quiz Scoreboard
CHALLENGE
Sign Up to Join the Scoreboard
Show All
Scores
Hide
Comments
May contain spoilers
Recently Published
College Basketball Coaching Resumes
by pancakes188
Sports
9m
Billboard Blitz: Fleetwood Mac
by CooCooCachoo
Music
15s
Presidents Visiting Landmarks
by Hejman
History
7m
More to Explore
Quiz From the Vault
Featured Blog Post
Where Did the Easter Bunny Come From?
hide this ad
You Might Also Like...
Tags
Cowboy
Dallas Cowboys
Player
Today's Top Quizzes in Sports
Browse Sports
hide this ad
Today's Top Quizzes in Player
Browse Player
Top Contributed Quizzes in Sports
1
2022 World Cup Stars
2
Les meilleurs buteurs des matchs entre le PSG et l’OM
3
FIFA Club World Cup Champions
4
Les entraîneurs de l'OM et du PSG au 21e siècle
5
Criteria MLB: Left Handed Sluggers
6
AFC Teams Reveal (Wrong Answers Minefield)
7
2023 MLB Unique Player Accomplishments
8
Players with Multiple 50 Home Run Seasons
9
5-to-1: FBS Animal Nicknames
10
5-to-1: UK Sports Teams
Explore More
Trending Topics
Marvel
Harry Potter
NBA
Disney
Crossword
Kpop
Anime
Song
Puzzle
WWE
Soccer
The Office
Country
Pokémon
NFL
hide this ad
More By:
payneka
Quiz
Plays
Rating
Category
Featured
Created
Dallas Cowboys
49
1.00
Sports
Apr 13, 2012
Go to Creator's Profile
Score Distribution
Quiz Creator Spotlight
payneka
Follow
Send a Message
Quizzes Created
-
Created Quiz Play Count
-
More By This Creator
Popular Quizzes Today
1
Find the US States - No Outlines Minefield
2
Find the Countries of Europe - No Outlines Minefield
3
The Countries of the World
4
Find the US States
5
Risky Map Clicking: Biggest States A-Z
6
US States
7
Popular People in 1961
8
Movies - When Are They Set?
More Sports Quizzes
Footballer Nicknames
Quiz Lab
Trending Quizzes
Risky Map Clicking: Least Populous States A-Z
1-10 Letter G Words
1-10 Letter F Words
Risky Map Clicking: Next State Alphabetically
Risky Map Clicking: Biggest States A-Z
Recently Updated
Leaping Animals
pecheneg
Reality TV Shows (A-Z)
bhenderson79
Rickey Henderson's Hall of Fame Teammates
pecheneg
Champions League XIs: Arsenal
pecheneg
Quick Pick: Celebrities in WWE's Hall of Fame
aduchscher
A-Z Keypad Blitz II
pecheneg
Multiple Oscar Actors
pecheneg
Mystery Phrase Blitz: Oscar 'Best Actors'
pecheneg
F. Scott Fitzgerald Novels
LTH
Pick 3 Villains
ddd62291
Trending Topics
Marvel
Crossword
Kpop
Anime
Disney
NBA
Harry Potter
WWE
Country
Song
Pokémon
Puzzle
NFL
Soccer
The Office
Your Account Isn't Verified!
In order to create a playlist on Sporcle, you need to verify the email address you used during registration. Go to your
Sporcle Settings
to finish the process.
Report this User
Report this user for behavior that violates our
Community Guidelines
.
Details:
Send Report
Go to the Sporcle.com Mobile Site →
Comments